| 000 | 00398nam a22001457a 4500 | ||
|---|---|---|---|
| 005 | 20160212155951.0 | ||
| 008 | 160212b xxu||||| |||| 00| 0 eng d | ||
| 040 | _cPK-LaUMT | ||
| 082 |
_aAMC 959.704092 _bTRA-W |
||
| 100 | _aTran dinh van | ||
| 245 |
_aThe way he lived _bthe story of nguyen van troi _cTran dinh van |
||
| 260 |
_aSouth vietnam _bLiberation _c1965 |
||
| 300 | _a83 p. | ||
| 942 | _cBK | ||
| 999 |
_c82768 _d82768 |
||